Identity, Policy, and Prosperity Border Nationality of the Korean Diaspora and Regional Development in Northeast China /

This book offers a rare glimpse into China's Korean minority, which dominates the area bordering North Korea; even as Korea is riven into capitalist and communist societies, China's Koreans register this dilemma as one internal to the society they live in, in China's postindustrial No...

Πλήρης περιγραφή

Λεπτομέρειες βιβλιογραφικής εγγραφής
Κύριος συγγραφέας: Park, Jeongwon Bourdais (Συγγραφέας, http://id.loc.gov/vocabulary/relators/aut)
Συγγραφή απο Οργανισμό/Αρχή: SpringerLink (Online service)
Μορφή: Ηλεκτρονική πηγή Ηλ. βιβλίο
Γλώσσα:English
Έκδοση: Singapore : Springer Singapore : Imprint: Palgrave Macmillan, 2018.
Έκδοση:1st ed. 2018.
Σειρά:China in Transformation
Θέματα:
Διαθέσιμο Online:Full Text via HEAL-Link
LEADER 03282nam a2200529 4500
001 978-981-10-4849-4
003 DE-He213
005 20191022023236.0
007 cr nn 008mamaa
008 170811s2018 si | s |||| 0|eng d
020 |a 9789811048494  |9 978-981-10-4849-4 
024 7 |a 10.1007/978-981-10-4849-4  |2 doi 
040 |d GrThAP 
050 4 |a JQ1-1852 
072 7 |a JP  |2 bicssc 
072 7 |a POL054000  |2 bisacsh 
072 7 |a JP  |x 1F  |2 thema 
082 0 4 |a 320.95  |2 23 
100 1 |a Park, Jeongwon Bourdais.  |e author.  |4 aut  |4 http://id.loc.gov/vocabulary/relators/aut 
245 1 0 |a Identity, Policy, and Prosperity  |h [electronic resource] :  |b Border Nationality of the Korean Diaspora and Regional Development in Northeast China /  |c by Jeongwon Bourdais Park. 
250 |a 1st ed. 2018. 
264 1 |a Singapore :  |b Springer Singapore :  |b Imprint: Palgrave Macmillan,  |c 2018. 
300 |a XV, 193 p. 2 illus.  |b online resource. 
336 |a text  |b txt  |2 rdacontent 
337 |a computer  |b c  |2 rdamedia 
338 |a online resource  |b cr  |2 rdacarrier 
347 |a text file  |b PDF  |2 rda 
490 1 |a China in Transformation 
505 0 |a 1. Introduction -- 2: Diaspora, national identity, and reciprocal prosperity -- 3: Communist Nation Building and Territorialized Ethnicization -- 4: Economic reforms, de-ethnicization, and the survival of identity -- 5: Developmentalism, nationalism, and the prosperity of China's northeast -- 6: Conclusions. . 
520 |a This book offers a rare glimpse into China's Korean minority, which dominates the area bordering North Korea; even as Korea is riven into capitalist and communist societies, China's Koreans register this dilemma as one internal to the society they live in, in China's postindustrial Northeast. As this research makes clear, once driven by state investment in industry, the Northeast is now struggling to define its identity as a post-industrial region; the ethnic Koreans there even more so. This monograph provides a distinctive look at a group shaped by political turmoil, economic transformation, and cultural struggle; the study may offer an idea of what the future of the Korean peninsula itself might be, disentangling the puzzling contradictions and synergies between nationality, locality and development in China. 
650 0 |a Asia-Politics and government. 
650 0 |a Asia-Economic conditions. 
650 0 |a Regionalism. 
650 0 |a Ethnicity. 
650 1 4 |a Asian Politics.  |0 http://scigraph.springernature.com/things/product-market-codes/911110 
650 2 4 |a Asian Economics.  |0 http://scigraph.springernature.com/things/product-market-codes/W45010 
650 2 4 |a Regionalism.  |0 http://scigraph.springernature.com/things/product-market-codes/912050 
650 2 4 |a Ethnicity Studies.  |0 http://scigraph.springernature.com/things/product-market-codes/X22180 
710 2 |a SpringerLink (Online service) 
773 0 |t Springer eBooks 
776 0 8 |i Printed edition:  |z 9789811048487 
776 0 8 |i Printed edition:  |z 9789811048500 
776 0 8 |i Printed edition:  |z 9789811352478 
830 0 |a China in Transformation 
856 4 0 |u https://doi.org/10.1007/978-981-10-4849-4  |z Full Text via HEAL-Link 
912 |a ZDB-2-POS 
950 |a Political Science and International Studies (Springer-41174)